Statistics for Members of the Justice Society of America (DC)

Click here to take the quiz!

General Stats

  • This quiz has been taken 65 times
  • The average score is 43 of 68

Answer Stats

Real NameSuperhero Name% Correct
Bruce WayneBatman
97%
Alan ScottGreen Lantern
97%
Carter HallHawkman
97%
Jason GarrickThe Flash
97%
HippolytusWonder Woman
97%
Diana of Paradise IslandWonder Woman
97%
Diana PrinceWonder Woman
97%
Kal-LSuperman
90%
Kal-ElSuperman
90%
Kent V. NelsonDoctor Fate
87%
Hector HallDoctor Fate
87%
Kendra SaundersHawkgirl
87%
Shiera SandersHawkgirl
87%
Thomas BronsonWildcat
87%
Yolonda MontezWildcat
87%
Ted GrantWildcat
87%
Dinah Laurel LanceBlack Canary
84%
Dinah Drake LanceBlack Canary
84%
Billy BatsonCaptain Marvel
84%
Courtney WhitmoreStargirl
84%
Helena WayneHuntress
77%
Kara Zor-LPower Girl
77%
Thom KallorStarman
77%
Jack KnightStarman
77%
Theodore KnightStarman
77%
Albert PrattAtom
74%
Matthew TylerHourman
74%
Rex TylerHourman
74%
Richard TylerHourman
74%
Richard M. GraysonRobin
74%
Wesley DoddsSandman
74%
Sanderson HawkinsSandman
74%
Elizabeth ChapelDoctor Mid-Nite
71%
Charles McNiderDoctor Mid-Nite
71%
Pieter CrossDoctor Mid-Nite
71%
Albert RothsteinAtom-Smasher
68%
Teth-AdamBlack Adam
68%
James CorriganThe Spectre
65%
Shayera ThalHawkwoman
61%
John ThunderJohnny Thunder
61%
John SmithRed Tornado
61%
Abigail HunkelRed Tornado
61%
Jesse ChambersJesse Quick
58%
Todd RiceObsidian
58%
Elizabeth LawrenceLiberty Belle
52%
Michael HoltMister Terrific
52%
Terrence SloaneMister Terrific
52%
Sylvester PembertonStar-Spangled Kid
52%
Patrick DuganS.T.R.I.P.E
52%
Jennifer-Lynn HaydenJade
48%
Maxine HunkelCyclone
45%
Jakeem WilliamsJakeem Thunder
45%
Daniel CassidyBlue Devil
42%
Grant EmersonDamage
42%
YzThunderbolt
42%
Nathaniel HeywoodCitizen Steel
39%
Joan DaleMiss America
39%
Sonia SatoJudomaster
35%
Markus ClayAmazing-Man
32%
Jennifer PierceLightning
32%
Jeffrey GravesMister America
29%
David ReidMagog
23%
UnknownKing Chimera
16%
Jill CarlyleCrimson Avenger
13%
UnknownRi
13%
Sanderson HawkinsSandy the Golden Boy
13%
Sara ButtersRed Beetle
6%
UnknownDarknight
3%

Score Distribution

Percentile by Number Answered

Percent of People with Each Score

Your Score History

You have not taken this quiz